000 00455nam a2200181Ia 4500
001 17371
005 20260306171512.0
008 260306s9999||||xx |||||||||||||| ||und||
041 _aESP
082 _a657.8
_bZ75
100 _aZeballos Zeballos, Erly S.
_eAUT
245 0 _aPlan contable general para empresas:
_bdinámica y aplicación práctica
260 _c2010
300 _a
_c
650 _aGEN
654 _aCCO
942 _cLIB
_dJUS
_fJUS
_2ddc
_n
999 _c17371
_d17371